| 000 | 00876nam a2200229 i 4500 | ||
|---|---|---|---|
| 001 | 160417 | ||
| 003 | ES-MaACL | ||
| 005 | 20250808005709.0 | ||
| 008 | 950103m18931894sp |||| | spa d | ||
| 040 |
_aEUS _bspa _cEUS _dCCPB |
||
| 100 | 1 |
_aMuriel, Andrés. _9130292 |
|
| 245 | 1 | 0 |
_aHistoria de Carlos IV / _cpor Andrés Muriel. |
| 260 |
_aMadrid : _bReal Academia de la Historia, _c1893-1894 ( _fImprenta y fundición de Manuel Tello, impresor de Cámara de S.M.) |
||
| 300 |
_a6 v. ; _c23 cm. |
||
| 490 | 1 |
_aMemorial histórico español ; _v29-34 |
|
| 597 | _aVol. I (VIII, 289 p.) -- vol. IV (203 p.) | ||
| 600 | 0 | 4 |
_aCarlos _bIV, _cRey de España _935307 |
| 651 | 4 |
_aEspaña- _xHistoria- _y1788-1808, Carlos IV. _98242 |
|
| 830 | 0 | 0 |
_aMemorial histórico español _v29-34 _9187759 |
| 852 |
_aES-MaACL _jC-19334-39 _z-- Enc. hol. |
||
| 999 |
_c160417 _d160417 |
||